01055nam a22002777a 4500003000500000005001700005008004100022010001000063011001000073035001100083040000900094245006700103260006900170300002900239490009400268650003200362650004700394650003400441650004100475650003400516650004100550650002900591650003600620700002700656830009400683CHAP20220329143512.0100226s2007 mx a r 00010 spa d a97632 a98604 a109289 cCHAP00aJosé Mariano Mociñoc/por Rubén López Cano ...[et al.] aToluca, Edo. de Méx. :bGobierno del Estado de México,c2007 a30 p. :bgráfs., ilus. 0aBiblioteca Mexiquense del Bicentenario.pColección investigación y divulgaciónv; 214aBotánicaxMéxico (Edo.)14aMéxico (Edo.)xCondiciones económicas.14aMéxico (Edo.)xGeografía.14aMociño, José Marianoy1757-1820.14aPoblaciónzMéxico (Edo.).14aRecursos naturaleszMéxico (Edo.).14aSueloszMéxico (Edo.).14aVida silvestrexMéxico (Edo.)1 aLópez Cano, Rubén. 0aBiblioteca Mexiquense del Bicentenario.pColección investigación y divulgaciónv; 2